Islam and the Muslim World /

সংরক্ষণ করুন:
গ্রন্থ-পঞ্জীর বিবরন
প্রধান লেখক: Husain, Mir Zohair
বিন্যাস: গ্রন্থ
ভাষা:English
প্রকাশিত: McGraw - HillCompanies, Inc, 2006.
বিষয়গুলি:
ট্যাগগুলো: ট্যাগ যুক্ত করুন
কোনো ট্যাগ নেই, প্রথমজন হিসাবে ট্যাগ করুন!
Thư viện lưu trữ: Mạng thư viện Đại học Đà Nẵng
LEADER 00931cam a22002891a 4500
001 000033530
003 9705
005 20240930101924.0
008 151016s2006 000 eng
020 |a 0073527726 
041 |a eng 
082 |a 909  |b HU-M 
100 |a Husain, Mir Zohair 
245 0 |a Islam and the Muslim World /  |c Mir Zohair Husain. 
260 |a McGraw - HillCompanies, Inc,  |c 2006. 
300 |a 341p. : ;  |c 26cm. 
650 |a Muslim World 
653 |a Islam  |a Muslim World 
OWN |a LNN 
AVA |a UDN50  |b LNN  |c English  |d 909HU-M  |e available  |t Error 5001 Not defined in file expand_doc_bib_avail.  |f 1  |g 0  |h N  |i 0  |j AN  |k 1 
999 |a From the UDN01 
AVA |a UDN50  |b LNN  |c English  |d 909HU-M  |e available  |t Error 5001 Not defined in file expand_doc_bib_avail.  |f 1  |g 0  |h N  |i 0  |j AN  |k 1 
TYP |a Monograph 
980 |a Mạng thư viện Đại học Đà Nẵng